书目信息 |
| 题名: |
法律职业共同体引论
|
|
| 作者: | 卢学英 著 | |
| 分册: | ||
| 出版信息: | 北京 法律出版社 2010.09 |
|
| 页数: | 282页 | |
| 开本: | 24cm | |
| 丛书名: | 上海政法学院学术文库 | |
| 单 册: | ||
| 中图分类: | D916.17 | |
| 科图分类: | ||
| 主题词: | 法律工作者--fa lv gong zuo zhe--社会团体--理论研究 | |
| 电子资源: | ||
| ISBN: | 978-7-5118-0989-6 | |
| 000 | 00931nam 2200289 450 | |
| 001 | B00000080867 | |
| 005 | 20110709094910.84 | |
| 010 | @a978-7-5118-0989-6@dCNY40.00 | |
| 100 | @a20101022d2010 km y0chiy50 ea | |
| 101 | 0 | @achi |
| 102 | @aCN@b110000 | |
| 105 | @ay a 000yy | |
| 106 | @ar | |
| 200 | 1 | @a法律职业共同体引论@Afa lv zhi ye gong tong ti yin lun@f卢学英著 |
| 210 | @a北京@c法律出版社@d2010.09 | |
| 215 | @a282页@d24cm | |
| 225 | 2 | @a上海政法学院学术文库@Ashang hai zheng fa xue yuan xue shu wen ku@i法哲学丛书 |
| 320 | @a有书目 | |
| 330 | @a本书包括法律职业共同体的概念解析、法律职业共同体的形成及发展、法律职业共同体的结构等内容。 | |
| 333 | @a法律爱好者 | |
| 410 | 0 | @12001 @a上海政法学院学术文库 |
| 586 | @a | |
| 606 | 0 | @a法律工作者@Afa lv gong zuo zhe@x社会团体@x理论研究 |
| 690 | @aD916.17@v5 | |
| 701 | 0 | @a卢学英@Alu xue ying@4著 |
| 801 | 0 | @aCN@c20110610 |
| 905 | @dD916.17@eL792@f3 | |
| 法律职业共同体引论/卢学英著.-北京:法律出版社,2010.09 |
| 282页;24cm.-(上海政法学院学术文库.法哲学丛书) |
| 使用对象:法律爱好者 |
| ISBN 978-7-5118-0989-6:CNY40.00 |
| 本书包括法律职业共同体的概念解析、法律职业共同体的形成及发展、法律职业共同体的结构等内容。 |
| ● |
| 相关链接 |
|
|
|
正题名:法律职业共同体引论
索取号:D916.17/L792
 
预约/预借
| 序号 | 登录号 | 条形码 | 馆藏地/架位号 | 状态 | 备注 |
| 1 | 881799 | 208817994 | 社科库509/509社科库 82排5列3层/ [索取号:D916.17/L792] | 在馆 | |
| 2 | 881800 | 208818001 | 社科库509/509社科库 82排5列3层/ [索取号:D916.17/L792] | 在馆 | |
| 3 | 881801 | 208818010 | 社科库509/509社科库 82排5列3层/ [索取号:D916.17/L792] | 在馆 |